| 000 | 00424nam a22001457a 4500 | ||
|---|---|---|---|
| 005 | 20250604135142.0 | ||
| 008 | 250604b |||||||| |||| 00| 0 eng d | ||
| 020 | _a9780300048643 | ||
| 050 |
_aBT198 _b.F82 FRE |
||
| 100 | _aFREDRIKSEN PAULA | ||
| 245 |
_aFROM JESUS TO CHRIST; _bTHE ORIGINS OF THE NEW TESTAMENT IMAGES OF JESUS |
||
| 260 |
_aLONDON _bYALE UNIVERSITY PRESS _cc1988 |
||
| 300 | _axii, 256p | ||
| 942 |
_2lcc _cBK _n0 |
||
| 999 |
_c6267 _d6267 |
||